000
00193 a2200097 4500
001
12539
100
_a
Niaz,A.S
245
_a
Warifta
260
_a
_b
Kaghadhi Pearahen
_c
090
_c
9558
_d
9558
942
_a
NUST-CAE
_c
M
_c
36442
999
_c
247612
_d
247612